000 00601nam a22001937a 4500
003 OSt
005 20260415062217.0
008 260415b |||||||| |||| 00| 0 eng d
020 _a971-08-6594-3
040 _aDWCL - Main Lib.
_cOC
082 _aRes. 641.5 L111 2005
100 _aLaquian, Eleonor R.
_eAuthor
245 _aFilipino cooking and entertaining here and abroad /
_cEleonor R. Laquian
260 _aMandaluyong City :
_bNational Book Store,
_cc2005.
300 _a334 p. ;
_c22 cm.
650 _a1. Cookbook - Filipino - Dishes.
650 _a2. Cookbook.
942 _2ddc
_cBK-0 CIRC
_n0
999 _c9453
_d9453